[Event "Kiryat Ono op-A 4th"]
[Site "Kiryat Ono"]
[Date "2013.07.02"]
[Round "3"]
[White "Kudischewitsch, David"]
[Black "Elchanati, Alon"]
[Result "1/2-1/2"]
[WhiteElo "2335"]
[BlackElo "2149"]
[PlyCount "136"]
[EventDate "2013.06.30"]
[EventType "swiss"]
[EventRounds "5"]
[EventCountry "ISR"]
[SourceTitle "CBM 155 Extra"]
[Source "ChessBase"]
[SourceDate "2013.08.26"]
[SourceVersion "1"]
[SourceVersionDate "2013.08.26"]
[SourceQuality "1"]

1. c4 e6 2. Nf3 d5 3. d4 a6 4. cxd5 exd5 5. Bf4 Nf6 6. e3 c5 7. dxc5 Bxc5 8. Be2 Nc6 9. 0-0 0-0 10. Qc2 Qe7 11. Bg5 Bd6 12. Nc3 Rd8 13. Rfd1 Be6 14. Rd2 Rac8 15. Rad1 h6 16. Bh4 Ne5 17. Qb1 g5 18. Bg3 Nxf3+ 19. Bxf3 Bb4 20. Bxd5 Bxd5 21. Nxd5 Nxd5 22. Rxd5 Rxd5 23. Rxd5 Qe4 24. Rd1 Qxb1 25. Rxb1 f5 26. Be5 Kf7 27. a3 Ke6 28. Bd4 Bd6 29. Kf1 Rc2 30. h3 h5 31. g3 b5 32. Re1 Kd5 33. Rd1 Ke4 34. Kg2 g4 35. h4 Be5 36. b4 Ra2 37. Bc5 Rxa3 38. Rd7 Bc3 39. Re7+ Kd3 40. Rh7 Ra2 41. Rxh5 Ke4 42. Rh7 Be1 43. Re7+ Kd3 44. e4 fxe4 45. h5 a5 46. Rd7+ Ke2 47. bxa5 Rxa5 48. h6 Bc3 49. Rd4 Bxd4 50. Bxd4 b4 51. h7 Rh5 52. h8Q Rxh8 53. Bxh8 b3 54. Bd4 Kd3 55. Bf6 Ke2 56. Kg1 Ke1 57. Bb2 Ke2 58. Kg2 Ke1 59. Bc3+ Ke2 60. Kg1 Kd3 61. Bf6 Ke2 62. Kg2 Ke1 63. Bb2 Ke2 64. Kg1 Ke1 65. Bc1 Kd1 66. Ba3 Ke2 67. Kg2 Ke1 68. Bb4+ Ke2 1/2-1/2